000 00424nam a2200181Ia 4500
001 13234
005 20260306163038.0
008 260306t2002||||xx |||||||||||||| ||spa||
041 _aESP
082 _a001.4
_bE21
100 _aEco, Umberto [1932-...]
_eAUT
245 0 _aCómo se hace una tesis
260 _c2002
300 _a233 páginas :
_c23 cm.
650 _aGEN
654 _aCHU
942 _cLIB
_dJUS
_fJUS
_2ddc
_n
999 _c13234
_d13234